| 000 | 00425pab a2200157 454500 | ||
|---|---|---|---|
| 008 | 180718b2015 xxu||||| |||| 00| 0 eng d | ||
| 100 | _aSundaram, Chandar S. | ||
| 245 | _aThe Indian national army: towards a balanced and critical appraisal | ||
| 260 | _c2015 | ||
| 300 | _ap.21-24. | ||
| 362 | _a25 Jul | ||
| 650 | _aIndia. Army | ||
| 650 | _aArmed forces | ||
| 773 | _aEconomic and Political Weekly | ||
| 909 | _a108540 | ||
| 999 |
_c108535 _d108535 |
||